Statistics for Justin Bieber Charting Songs (Billboard Hot Rap / R&B)

Click here to take the quiz!

General Stats

  • This quiz has been taken 17 times
    (11 since last reset)
  • The average score is 10 of 24

Answer Stats

AlbumWeeks OnPeakArtist(s)Song% Correct
My World 2.01 Week#96Justin Bieber ft. LudacrisBaby
90%
Justice24 Weeks#1Justin Bieber ft. Giveon & Daniel CaesarPeaches
80%
Grateful26 Weeks#1DJ Khaled ft. Justin Bieber, Quavo, Chance The Rapper & Lil WayneI'm the One
70%
Father of Asahd17 Weeks#4DJ Khaled ft. Justin Bieber, Chance the Rapper & QuavoNo Brainer
60%
Believe15 Weeks#52Justin BieberBoyfriend
50%
Stoney9 Weeks#25Post Malone ft. Justin BieberDeja Vu
50%
Made in Lagos27 Weeks#3Wizkid ft. Tems & Justin BieberEssence
50%
Changes26 Weeks#4Justin Bieber ft. QuavoIntentions
50%
Non-Album Single18 Weeks#5Maejor Ali ft. Juicy J & Justin BieberLolly
50%
Changes15 Weeks#2Justin BieberYummy
50%
Journals16 Weeks#13Justin Bieber ft. Chance The RapperConfident
40%
Changes1 Week#44Justin Bieber ft. KehlaniGet Me
40%
Khaled Khaled2 Weeks#25DJ Khaled ft. Justin Bieber & 21 SavageLet It Go
40%
Journals1 Week#13Justin Bieber ft. R. KellyPYD
40%
Journals1 Week#17Justin BieberBad Day
30%
Changes2 Weeks#13Justin Bieber ft. Post Malone & CleverForever
30%
Coloring Book1 Week#48Chance The Rapper ft. Justin Bieber & towkioJuke Jam
30%
Journals1 Week#13Justin BieberRecovery
30%
Non-Album Single6 Weeks#24Tyga & Justin BieberWait for a Minute
30%
Changes1 Week#50Justin BieberAll Around Me
20%
Changes1 Week#42Justin BieberCome Around Me
20%
Changes1 Week#48Justin BieberHabitual
20%
Believe5 Weeks#36Justin Bieber ft. DrakeRight Here
20%
Fighting Demons6 Weeks#9Juice WRLD & Justin BieberWandered to LA.
20%

Score Distribution

Percentile by Number Answered

Percent of People with Each Score

Your Score History

You have not taken this quiz since the last reset